000 00421nam a2200181Ia 4500
008 240510s9999 xx 000 0 und d
020 _a955907007X
041 _asih
082 _a200
082 _bB15
100 _aBANIYAN, John
245 0 _aPilgrims Progress (Maha Mukalana Madin)
260 _bColombo : Christian Literature Society
260 _c1996
300 _a177 p.
942 _2ddc
942 _cLBK
999 _c28569
_d28569
945 _a1
_bMadushi Gamage
_c1
_dMadushi Gamage